Provinces d'Indonésie sur une carte - Statistiques

Statistiques générales
  • Ce quiz a été pris 538 fois
  • Le résultat moyen est 17 sur 37
Réponses sur la Carte
Les réponses sont colorées sur une échelle allant du rouge au vert en fonction du pourcentage des utilisateurs qui les ont devinées à leur premier essai. Vous pouvez retrouver ces pourcentages ci-dessous.
 
Statistiques - réponses
Province Population % Correct
Bali 4 320 000
78%
Jakarta 10 560 000
73%
Java occidental 48 270 000
65%
Java oriental 40 670 000
65%
Papouasie 4 300 000
65%
Sumatra du Nord 14 800 000
61%
Sumatra du Sud 8 470 000
60%
Java central 36 520 000
59%
Kalimantan du Sud 4 070 000
59%
Kalimantan occidental 5 410 000
59%
Kalimantan oriental 3 770 000
59%
Sumatra occidental 5 530 000
59%
Kalimantan du Nord 700 000
58%
Sulawesi du Nord 2 620 000
56%
Sulawesi occidental 1 420 000
55%
Kalimantan central 2 670 000
54%
Sulawesi du Sud 9 070 000
50%
Sulawesi central 2 990 000
49%
Aceh 5 270 000
46%
Papouasie occidentale 1 130 000
44%
Petites îles de la Sonde orientales 5 330 000
44%
Papouasie du Sud 510 000
43%
Moluques 1 850 000
41%
Papouasie centrale 1 410 000
41%
Sulawesi du Sud-Est 2 620 000
37%
Îles Riau 2 060 000
34%
Riau 6 390 000
34%
Yogyakarta 3 670 000
34%
Petites îles de la Sonde occidentales 5 320 000
33%
Moluques du Nord 1 280 000
30%
Lampung 9 010 000
27%
Gorontalo 1 170 000
24%
Jambi 3 550 000
24%
Banten 11 900 000
23%
îles Bangka Belitung 1 460 000
21%
Bengkulu 2 010 000
20%
Papouasie des hautes terres 1 410 000
16%
Aucun quiz correspondant
Distribution des résultats
% des personnes avec chaque résultat
Percentile par nombre de réponses
Votre historique - résultats
Vous n’avez pas pris ce quiz